000 00469nam a2200181Ia 4500
001 4819
005 20260306145823.0
008 260306t2012||||xx |||||||||||||| ||spa||
041 _aESP
082 _a330.3036
_bH58
100 _aHirshleifer, Jack
_eAUT
245 4 _aThe dark side of the force:
_beconomic foundations of conflict theory
260 _c2012
300 _aviii, 357 páginas :
_c23 cm.
650 _aGEN
654 _aCAN
942 _cLIB
_dJUS
_fJUS
_2ddc
_n
999 _c4819
_d4819